Szőregi szerbek bojkottálják a pópát és az életképtelen felekezeti iskolát A diktatúra és az alkotmányoság harca a 187 lelket számláló görögkeleti szerb egyházközségben

Elmentve itt :
Bibliográfiai részletek
Dokumentumtípus: Cikk
Megjelent: 1935-07-28
Sorozat:Délmagyarország 11 No. 168
Kulcsszavak:Görögkeleti egyház, Szeged-Szőreg
Online Access:http://dmarchiv.bibl.u-szeged.hu/48960
LEADER 00587nab a2200145 i 4500
001 delm48960
005 20180927134853.0
008 180927s1935 hu o 0|| hun d
040 |a SZTE Délmagyarország Archívum  |b hun 
041 |a hun 
245 0 0 |a Szőregi szerbek bojkottálják a pópát és az életképtelen felekezeti iskolát   |h [elektronikus dokumentum] :  |b A diktatúra és az alkotmányoság harca a 187 lelket számláló görögkeleti szerb egyházközségben 
260 |c 1935-07-28 
300 |a 11 
490 0 |a Délmagyarország  |v 11 No. 168 
695 |a Görögkeleti egyház, Szeged-Szőreg